000 00724nam a2200205 a 4500
008 120416s1990 ||||||||||||||||| || u
020 _a0135056039
050 _aKJ 441 Ros
100 _aBerry, Nicholas O
245 1 0 _aIR
246 _aan introduction to international relations
260 _aEnglewood Cliffs, N. J.
_bFT Prentice-Hall
_c1990
300 _axii, 516p. : ill.
350 _a0.00
500 _aIncludes bibliographical references and index.
650 _aINTERNATIONAL RELATIONS
650 _aGOVERNMENT
700 _aRoskin, Michael, 1939-
995 _D0.00
_FCBU-MAIN LIBRARY (Kitwe)
_H1
_I41.95
_M1
_UAVAILABLE
_ZMain Library Open Access Collection
999 _c48351
_d48351